\

Fashion School in a Book Design Journal: (Record no. 30385)

MARC details
000 -LEADER
fixed length control field 01785nam a2200301Ia 4500
005 - DATE AND TIME OF LATEST TRANSACTION
control field 20260416153236.0
008 - FIXED-LENGTH DATA ELEMENTS--GENERAL INFORMATION
fixed length control field 26011722025 caua |||||||| |||| eng 0 eng d
020 ## - INTERNATIONAL STANDARD BOOK NUMBER
International Standard Book Number 9798888142370
040 ## - CATALOGING SOURCE
Original cataloging agency aue
Language of cataloging eng
Transcribing agency aue
Description conventions rda
041 ## - LANGUAGE CODE
Language code of text/sound track or separate title eng
050 #0 - LIBRARY OF CONGRESS CALL NUMBER
Classification number TT507
Item number .H66 2025.
100 1# - MAIN ENTRY--PERSONAL NAME
Personal name Hong, Zoë.
245 #0 - TITLE STATEMENT
Title Fashion School in a Book Design Journal:
Remainder of title The Practical Workbook for Collection Development /
Statement of responsibility, etc. Zoë Hong.
260 ## - PUBLICATION, DISTRIBUTION, ETC.
Date of publication, distribution, etc. 2025
264 #1 - PRODUCTION, PUBLICATION, DISTRIBUTION, MANUFACTURE, AND COPYRIGHT NOTICE
Place of production, publication, distribution, manufacture California:
Name of producer, publisher, distributor, manufacturer Rocky Nook,
Date of production, publication, distribution, manufacture, or copyright notice 2025.
300 ## - PHYSICAL DESCRIPTION
Extent 227 pages:
Other physical details illustrations ;
Dimensions 2025.
336 ## - CONTENT TYPE
Source rdacontent
Content type term text
Content type code txt
337 ## - MEDIA TYPE
Source rdamedia
Media type term unmediated
Media type code n
338 ## - CARRIER TYPE
Source rdacarrier
Carrier type term volume
Carrier type code nc
500 ## - GENERAL NOTE
General note Workbook and design journal for fashion collection development.
520 ## - SUMMARY, ETC.
Summary, etc. Design your fashion collection and create a work-in-progress portfolio with the artistic direction in this design journal!<br/><br/>Author, designer, and instructor Zoë Hong’s Fashion School in a Book outlines the workflow for creating a fashion collection. The text offers lessons on how to develop a cohesive (environmentally sustainable!) collection based on shapes, silhouettes, colors, patterns, and fabrics. As you make your way through the exercises in the book, this Fashion School in a Book Design Journal becomes a record of your collection in progress. By the end of the course, you’ll have created a portfolio of your work in these pages.<br/><br/>Fashion School in a Book.<br/>Fashion School in a Booklays out the path to New York, Paris, or Milan—and the Fashion School in a Book Design Journalis your ticket there!
650 #0 - SUBJECT ADDED ENTRY--TOPICAL TERM
Topical term or geographic name entry element Fashion design.
650 #0 - SUBJECT ADDED ENTRY--TOPICAL TERM
Topical term or geographic name entry element Fashion design
General subdivision Study and teaching.
650 #0 - SUBJECT ADDED ENTRY--TOPICAL TERM
Topical term or geographic name entry element Fashion design
General subdivision Practice.
650 #0 - SUBJECT ADDED ENTRY--TOPICAL TERM
Topical term or geographic name entry element Clothing and dress
General subdivision Design.
942 ## - ADDED ENTRY ELEMENTS (KOHA)
Koha item type Books
Source of classification or shelving scheme Library of Congress Classification
Suppress in OPAC No
Holdings
Withdrawn status Lost status Source of classification or shelving scheme Damaged status Not for loan Collection Home library Current library Date acquired Cost, normal purchase price Total checkouts Full call number Barcode Date last seen Price effective from Koha item type
    Library of Congress Classification   Not for loan College of Design (CDES) MAIN MAIN 01/17/2026 193.00   TT507 .H66 2025 00000140 01/17/2026 01/17/2026 Books